000 00391nam a2200145Ia 4500
008 230917s9999||||xx |||||||||||||| ||und||
040 _e40670
_aMAIN
041 _aEnglish
082 _a823.7 M541P:G
100 _aPritchett, V S
245 0 _aGeorge Meredith and English comedy: the Clark lectures for 1969
260 _aLondon
_bChatto and Windus
_c1970
300 _a127 p.
942 _cBK
999 _c62655
_d62655